[Event "Monarch Assurance 13th"]
[Site "Port Erin"]
[Date "2004.09.26"]
[Round "2"]
[White "Williams, Simon Kim"]
[Black "Kortschnoj, Viktor Lvovich"]
[Result "0-1"]
[WhiteElo "2427"]
[BlackElo "2568"]
[PlyCount "88"]
[EventDate "2004.09.25"]
[EventType "swiss"]
[EventRounds "9"]
[EventCountry "IOM"]
[SourceTitle "CBM 102 Extra"]
[Source "ChessBase"]
[SourceDate "2004.11.03"]
[SourceVersion "1"]
[SourceVersionDate "2004.11.03"]
[SourceQuality "1"]

1. d4 Nf6 2. c4 e6 3. Nf3 d5 4. Nc3 Bb4 5. Bg5 h6 6. Bh4 dxc4 7. Qc2 b5 8. a4
c6 9. e4 Bb7 10. e5 g5 11. Nxg5 hxg5 12. Bxg5 Nbd7 13. exf6 Qa5 14. Be2 c5 15.
d5 Bxd5 16. O-O Bxc3 17. bxc3 Qc7 18. f4 b4 19. a5 b3 20. Qd2 O-O-O 21. h4 Qc6
22. Rf2 Kb7 23. Qe3 Ka8 24. Bg4 Rb8 25. Rd2 Rhe8 26. Qf2 Rb7 27. h5 Reb8 28.
Rb2 Rb5 29. h6 Rh8 30. Bh5 e5 31. Rd1 Rxa5 32. Rbd2 Ra2 33. Rxd5 Rxf2 34. Kxf2
Nxf6 35. Bf3 e4 36. Rd6 Qxd6 37. Rxd6 exf3 38. Bxf6 Rxh6 39. Rd8+ Kb7 40. Be7
fxg2 41. Kxg2 Rb6 42. Rd1 Kc6 43. Ra1 a5 44. Bd8 Rb5 0-1

[Event "Monarch Assurance 13th"]
[Site "Port Erin"]
[Date "2004.09.28"]
[Round "4"]
[White "Berzinsh, Roland"]
[Black "Kortschnoj, Viktor Lvovich"]
[Result "0-1"]
[WhiteElo "2455"]
[BlackElo "2568"]
[PlyCount "98"]
[EventDate "2004.09.25"]
[EventType "swiss"]
[EventRounds "9"]
[EventCountry "IOM"]
[SourceTitle "CBM 102 Extra"]
[Source "ChessBase"]
[SourceDate "2004.11.03"]
[SourceVersion "1"]
[SourceVersionDate "2004.11.03"]
[SourceQuality "1"]

1. e4 c6 2. d4 d5 3. Nc3 dxe4 4. Nxe4 Bf5 5. Nc5 b6 6. Nb3 Nf6 7. Nf3 e6 8. g3
a5 9. Bg2 a4 10. Nbd2 a3 11. O-O axb2 12. Bxb2 Ba3 13. Qc1 Bxb2 14. Qxb2 O-O
15. Ne5 Ra4 16. c4 c5 17. Nb3 Qc7 18. Qe2 Nbd7 19. Rfd1 Bg6 20. Nxd7 Nxd7 21.
Rac1 Nf6 22. h3 h6 23. dxc5 bxc5 24. Rd2 Rc8 25. Qe3 Kh7 26. Bf3 Qa7 27. Bg2
Kh8 28. Bf3 Rxa2 29. Rxa2 Qxa2 30. Nxc5 Qb2 31. Na4 Qb4 32. Nb6 Rc5 33. Na4
Rxc4 34. Rxc4 Qxc4 35. Nc3 Bd3 36. Ne2 Be4 37. Bxe4 Nxe4 38. Nd4 Qd5 39. Nf3 f6
40. Qd4 Ng5 41. Qxd5 exd5 42. Nh4 Nxh3+ 43. Kg2 Ng5 44. f4 Ne4 45. Ng6+ Kh7 46.
f5 h5 47. Kf3 Nd6 48. Kf4 d4 49. Ne7 d3 0-1

[Event "Olympiad-36"]
[Site "Mallorca"]
[Date "2004.10.15"]
[Round "1"]
[White "Mok, Tze Meng"]
[Black "Kortschnoj, Viktor Lvovich"]
[Result "0-1"]
[WhiteElo "2336"]
[BlackElo "2601"]
[PlyCount "118"]
[EventDate "2004.10.15"]
[EventType "team-swiss"]
[EventRounds "14"]
[EventCountry "ESP"]
[SourceTitle "CBM 104"]
[Source "ChessBase"]
[SourceDate "2005.01.27"]
[SourceVersion "1"]
[SourceVersionDate "2005.01.27"]
[SourceQuality "1"]
[WhiteTeam "Malaysia"]
[BlackTeam "Switzerland"]
[WhiteTeamCountry "MAS"]
[BlackTeamCountry "SUI"]

1. e4 e6 2. Nf3 d5 3. Nc3 d4 4. Ne2 c5 5. c3 Nf6 6. d3 Nc6 7. Ng3 h5 8. Bg5 Qb6
9. Qb3 Nd7 10. Be2 Qxb3 11. axb3 f6 12. Bc1 h4 13. Nf1 g5 14. h3 Bd6 15. N1d2
b5 16. O-O Bb7 17. Nb1 a6 18. Na3 e5 19. Nc2 Kf7 20. Bd2 b4 21. Rfb1 Nf8 22. c4
Bc7 23. Nce1 Ng6 24. Nh2 Nd8 25. Bg4 Ne6 26. Ra2 a5 27. Rba1 Bc6 28. Kf1 Ra6
29. Bxe6+ Kxe6 30. Ng4 Rha8 31. Nf3 Bd8 32. Nfh2 R6a7 33. Kg1 Be8 34. Kf1 Nf8
35. f3 Nd7 36. Nf2 Kf7 37. Nhg4 Kg6 38. Ke2 Nb6 39. Kf1 Nc8 40. Ke1 a4 41. bxa4
Bxa4 42. Kf1 Bb6 43. Ke1 Ne7 44. Nh2 Nc6 45. Nf1 Kf7 46. Nh2 b3 47. Ra3 Ba5 48.
Nf1 Bxd2+ 49. Nxd2 Nb4 50. Rxa4 Nc2+ 51. Ke2 Nxa1 52. Rxa7+ Rxa7 53. Nd1 Ra2
54. Kf2 Nc2 55. Ke2 Ne3 56. Nxe3 dxe3 57. Kxe3 Rxb2 58. Ke2 Ra2 59. Kd1 Ra1+
0-1

[Event "Olympiad-36"]
[Site "Mallorca"]
[Date "2004.10.29"]
[Round "14"]
[White "Kortschnoj, Viktor Lvovich"]
[Black "Iuldachev, Saidali"]
[Result "1-0"]
[WhiteElo "2601"]
[BlackElo "2550"]
[Annotator "Kortschnoj,V"]
[PlyCount "89"]
[EventDate "2004.10.15"]
[EventType "team-swiss"]
[EventRounds "14"]
[EventCountry "ESP"]
[SourceTitle "CBM 104"]
[Source "ChessBase"]
[SourceDate "2005.01.27"]
[SourceVersion "1"]
[SourceVersionDate "2005.01.27"]
[SourceQuality "1"]
[WhiteTeam "Switzerland"]
[BlackTeam "Uzbekistan"]
[WhiteTeamCountry "SUI"]
[BlackTeamCountry "UZB"]

1. d4 Nf6 2. c4 d6 3. Nf3 g6 4. g3 Bg7 5. Bg2 O-O 6. O-O Nbd7 7. Qc2 e5 8. Rd1
Re8 9. e4 exd4 10. Nxd4 Nc5 11. Nc3 Qe7 12. f3 c6 13. b3 a5 14. Rb1 {This is a
theoretical position. Throughout the second part of the 20th century hundreds
of games had been played, beginning in fact from this position. White, having
advantage in space, stands better, but black has some well, actively located
pieces (Bg7, Nc5) and hopes to get good counter-play all over the board.} Nh5
$6 {14...Nfd7 is the well-known theoretical move. White then has to answer 15.
Nce2 or Bb2. But throughout the game my adversary has applied a number of
clearly provocative moves. This is the first one.} 15. g4 Nf6 16. Bg5 $1 {
After 16.Bf4 black could play h5 or 16...Nd7. The move to g5 sets more
problems to black.} Qe5 {Another provocative move.} 17. Bh4 Nfd7 18. Nde2 Bf8 {
Due to the threat Qd2 this move is more or less forced.} 19. Qd2 Qg7 {The
queen on g7 instead of the bishop?! - not a great gain. But people, those who
play the Kings Indian, they don't like when somebody points out to them on
violation of logic.} 20. h3 Ne6 21. Bf2 g5 22. Ng3 Nf4 {Watch out a trap!: 23.
Nf5?? Qxc3.} 23. Nce2 Nxe2+ 24. Qxe2 Ne5 25. Be3 a4 26. Rf1 {White is going to
play Nh5 and then f3-f4 gxf4 Rxf4.} axb3 27. axb3 Ng6 ({The normal
continuation would be} 27... Qg6 {But black again chooses a provocative move -
this time it is connected with a sly trap.}) 28. Bxg5 Qe5 29. Nf5 $2 {White
falls into the trap.} ({After} 29. f4 Qd4+ 30. Qf2 {white was winning without
problems.}) 29... Bxf5 30. gxf5 Qxf5 $1 31. Qd2 ({After} 31. exf5 Rxe2 32. fxg6
Raa2 33. gxh7+ Kxh7 34. Bh1 d5 35. b4 dxc4 {the initiative of black looked too
dangerous.}) 31... Qe5 $2 {One more provocative move - now simply a bad one.
31...Qa5 was called for, with eventually an almost equal endgame.} 32. f4 Qa5
33. Qd3 Bg7 34. f5 Ne5 35. Qg3 Kh8 36. f6 Bf8 37. Kh1 Ng6 38. Rf5 Re5 $6 {
38...Qa2 was more stubborn.} 39. Rbf1 Rxf5 $6 40. exf5 {This position is lost
for black - he cannot prevent a mating attack.} Ne5 41. Rg1 Nd7 42. Bxc6 $1
bxc6 43. Bd2 Nxf6 44. Bxa5 Rxa5 45. Qg5 1-0

[Event "Drammen Smartfish Masters"]
[Site "Drammen"]
[Date "2004.12.29"]
[Round "3"]
[White "Kortschnoj, Viktor Lvovich"]
[Black "Carlsen, Magnus"]
[Result "1-0"]
[WhiteElo "2601"]
[BlackElo "2581"]
[PlyCount "79"]
[EventDate "2004.12.27"]
[EventType "tourn"]
[EventRounds "9"]
[EventCountry "NOR"]
[EventCategory "14"]
[SourceTitle "CBM 105"]
[Source "ChessBase"]
[SourceDate "2005.04.11"]
[SourceVersion "1"]
[SourceVersionDate "2005.04.11"]
[SourceQuality "1"]

1. c4 Nf6 2. Nc3 c5 3. g3 e6 4. Nf3 Nc6 5. Bg2 d5 6. cxd5 exd5 7. d4 Be7 8. Be3
c4 9. Ne5 O-O 10. O-O Be6 11. Nxc4 dxc4 12. d5 Nxd5 13. Nxd5 Bf6 14. Qd2 Bd4
15. Nf4 Bxe3 16. Qxe3 Re8 17. Rfd1 Qf6 18. Bxc6 bxc6 19. Qd4 Qxd4 20. Rxd4 Bd5
21. Rad1 c3 22. Nxd5 cxd5 23. bxc3 Rxe2 24. Rxd5 g6 25. R5d2 Rxd2 26. Rxd2 Rc8
27. Rc2 Rc4 28. Kf1 Kf8 29. Ke2 Ke7 30. Kd3 Ra4 31. Rd2 Ke6 32. c4 Ra3+ 33. Ke4
h5 34. f4 f6 35. Re2 Ra4 36. Kd4+ Kd6 37. Rf2 Ra5 38. Kc3 Kc5 39. Kb3 Ra6 40.
Rd2 1-0

[Event "EU-chT Seniors 07th"]
[Site "Dresden"]
[Date "2005.02.19"]
[Round "2"]
[White "Baumgartner, Heinz"]
[Black "Kortschnoj, Viktor Lvovich"]
[Result "0-1"]
[WhiteElo "2338"]
[BlackElo "2617"]
[PlyCount "62"]
[EventDate "2005.02.18"]
[EventType "team-swiss"]
[EventRounds "8"]
[EventCountry "GER"]
[SourceTitle "EXT 2006"]
[Source "ChessBase"]
[SourceDate "2005.11.24"]
[SourceVersion "1"]
[SourceVersionDate "2005.11.24"]
[SourceQuality "1"]

1. Nf3 d5 2. g3 c5 3. Bg2 e6 4. O-O Nc6 5. d4 Qb6 6. dxc5 Bxc5 7. Nc3 Bb4 8. e4
d4 9. Ne2 e5 10. c3 dxc3 11. Nxc3 Bxc3 12. bxc3 Be6 13. Be3 Qc7 14. Qa4 f6 15.
Nh4 Nge7 16. Rab1 O-O 17. Rfd1 Na5 18. Nf5 b6 19. Bc1 Nxf5 20. exf5 Bxf5 21.
Bxa8 Rxa8 22. Rb5 Be6 23. f4 Nc4 24. fxe5 fxe5 25. Rbd5 Rf8 26. Bg5 Nb2 27. Qc2
Nxd1 28. Rxd1 Qc5+ 29. Kg2 Bd5+ 30. Kh3 Qc8+ 31. Kh4 Bf3 0-1

[Event "EU-chT Seniors 07th"]
[Site "Dresden"]
[Date "2005.02.21"]
[Round "4"]
[White "Schmidt, Wolfgang3"]
[Black "Kortschnoj, Viktor Lvovich"]
[Result "0-1"]
[WhiteElo "2317"]
[BlackElo "2617"]
[PlyCount "94"]
[EventDate "2005.02.18"]
[EventType "team-swiss"]
[EventRounds "8"]
[EventCountry "GER"]
[SourceTitle "EXT 2006"]
[Source "ChessBase"]
[SourceDate "2005.11.24"]
[SourceVersion "1"]
[SourceVersionDate "2005.11.24"]
[SourceQuality "1"]

1. d4 Nf6 2. c4 e6 3. Nc3 Bb4 4. Qc2 d6 5. Bg5 c5 6. e3 Nbd7 7. Bd3 Qa5 8. Nge2
cxd4 9. Bxf6 Nxf6 10. exd4 d5 11. O-O dxc4 12. Bxc4 O-O 13. Rfd1 Bd7 14. d5 e5
15. a3 Bd6 16. Rac1 Rac8 17. Ba2 Bg4 18. f3 Bh5 19. Ng3 Bg6 20. Qd2 Rfd8 21.
Nge4 Nxe4 22. fxe4 b5 23. Bb1 b4 24. axb4 Bxb4 25. Kh1 h6 26. Qd3 Rb8 27. Bc2
Qb6 28. Ba4 Qf2 29. Rd2 Qh4 30. Re2 Rbc8 31. Rf1 Rc5 32. Bb3 Qg4 33. h3 Qc8 34.
Na2 Ba5 35. Kh2 Rd6 36. Rff2 Bb6 37. Rc2 Qd8 38. Rxc5 Bxc5 39. Rc2 Bd4 40. Nb4
Qh4 41. Re2 Qf4+ 42. g3 Qf1 43. Qd1 Bg1+ 44. Kh1 Bxe4+ 45. Rxe4 Qxh3+ 46. Kxg1
Qxg3+ 47. Kf1 Rf6+ 0-1

[Event "SUI-chT"]
[Site "Switzerland"]
[Date "2005.03.20"]
[Round "2.2"]
[White "Kortschnoj, Viktor Lvovich"]
[Black "Sedina, Elena"]
[Result "1-0"]
[WhiteElo "2617"]
[BlackElo "2411"]
[PlyCount "55"]
[EventDate "2005.02.27"]
[EventType "team-tourn"]
[EventRounds "9"]
[EventCountry "SUI"]
[SourceTitle "EXT 2006"]
[Source "ChessBase"]
[SourceDate "2005.11.24"]
[SourceVersion "1"]
[SourceVersionDate "2005.11.24"]
[SourceQuality "1"]
[WhiteTeam "Zuerich"]
[BlackTeam "Mendrisio"]
[WhiteTeamCountry "SUI"]
[BlackTeamCountry "SUI"]

1. Nf3 d5 2. d4 Nf6 3. c4 c6 4. e3 a6 5. Qb3 e6 6. Be2 Bd6 7. Nbd2 Nbd7 8. O-O
O-O 9. Qc2 Re8 10. b3 e5 11. cxd5 cxd5 12. dxe5 Nxe5 13. Bb2 Bg4 14. Rad1 Rc8
15. Qb1 Ne4 16. Bxe5 Bxf3 17. Bxf3 Nxd2 18. Rxd2 Rxe5 19. Rfd1 Qc7 20. Bxd5 Rh5
21. Bxf7+ Kxf7 22. Rxd6 Kg8 23. h3 Rc5 24. Qe4 Rc1 25. Qd5+ Kh8 26. Rd7 Rxd1+
27. Qxd1 Qb6 28. Rxg7 1-0

[Event "SUI-chT"]
[Site "Switzerland"]
[Date "2005.04.17"]
[Round "3.1"]
[White "Kortschnoj, Viktor Lvovich"]
[Black "Forster, Richard"]
[Result "1-0"]
[WhiteElo "2617"]
[BlackElo "2498"]
[PlyCount "59"]
[EventDate "2005.02.27"]
[EventType "team-tourn"]
[EventRounds "9"]
[EventCountry "SUI"]
[SourceTitle "EXT 2006"]
[Source "ChessBase"]
[SourceDate "2005.11.24"]
[SourceVersion "1"]
[SourceVersionDate "2005.11.24"]
[SourceQuality "1"]
[WhiteTeam "Zuerich"]
[BlackTeam "Winterthur"]
[WhiteTeamCountry "SUI"]
[BlackTeamCountry "SUI"]

1. d4 Nf6 2. c4 d6 3. Nc3 Nbd7 4. g3 e5 5. Bg2 Be7 6. e3 O-O 7. Nge2 Re8 8. O-O
c6 9. b3 exd4 10. Nxd4 Bf8 11. Qc2 Nc5 12. e4 a5 13. Rd1 Bg4 14. f3 Bd7 15. Kh1
Rc8 16. g4 d5 17. exd5 cxd5 18. g5 Nh5 19. Nxd5 b5 20. Bf1 bxc4 21. Bxc4 Re5
22. Qf2 Ne6 23. Nxe6 fxe6 24. Nf4 Qe8 25. Qd4 Bc6 26. Qxe5 Bxf3+ 27. Kg1 Nxf4
28. Bxf4 Rxc4 29. bxc4 Ba8 30. Rd6 1-0

[Event "SUI-chT"]
[Site "Switzerland"]
[Date "2005.10.30"]
[Round "9.2"]
[White "Stojanovic, Mihajlo"]
[Black "Kortschnoj, Viktor Lvovich"]
[Result "0-1"]
[WhiteElo "2515"]
[BlackElo "2617"]
[PlyCount "96"]
[EventDate "2005.02.27"]
[EventType "team-tourn"]
[EventRounds "9"]
[EventCountry "SUI"]
[SourceTitle "EXT 2006"]
[Source "ChessBase"]
[SourceDate "2005.11.24"]
[SourceVersion "1"]
[SourceVersionDate "2005.11.24"]
[SourceQuality "1"]
[WhiteTeam "Basel"]
[BlackTeam "Zuerich"]
[WhiteTeamCountry "SUI"]
[BlackTeamCountry "SUI"]

1. Nf3 d5 2. d4 Nf6 3. c4 e6 4. g3 dxc4 5. Qa4+ Nbd7 6. Bg2 a6 7. Qxc4 c5 8.
dxc5 Bxc5 9. O-O b5 10. Qf4 Bb7 11. Nc3 h6 12. b3 Rc8 13. Bb2 Qe7 14. Rac1 O-O
15. Nb1 Rfd8 16. Bd4 Bd6 17. Qd2 Ne4 18. Qb2 e5 19. Be3 Ndf6 20. Bb6 Re8 21.
Rxc8 Rxc8 22. Rc1 Rb8 23. Ba7 Re8 24. Bb6 Nd5 25. Ba5 Bc5 26. Be1 Ba8 27. Qxe5
Qd8 28. Qb2 Qb6 29. e3 Nxe3 30. fxe3 Bxe3+ 31. Kf1 Bxc1 32. Qxc1 Qf6 33. Kg1
Nxg3 34. Bxg3 Bxf3 35. Bf1 Bb7 36. Qf4 Qb6+ 37. Qf2 Qc6 38. Qd4 h5 39. Nd2 g5
40. h4 gxh4 41. Qxh4 Re6 42. Qd8+ Kg7 43. Qg5+ Rg6 44. Qe5+ f6 45. Qe7+ Kg8 46.
Qd8+ Kf7 47. Nc4 Rxg3+ 48. Kh2 Rg2+ 0-1